Summer success : (Record no. 112721)
[ view plain ]
| 000 -LEADER | |
|---|---|
| fixed length control field | 00544nam a2200181 a 4500 |
| 001 - CONTROL NUMBER | |
| control field | 3587 |
| 005 - DATE AND TIME OF LATEST TRANSACTION | |
| control field | 20140414131948.0 |
| 008 - FIXED-LENGTH DATA ELEMENTS--GENERAL INFORMATION | |
| fixed length control field | 050727s19uu xx 00 eng d |
| 020 ## - INTERNATIONAL STANDARD BOOK NUMBER | |
| International Standard Book Number | 1-57768-862-7 |
| 050 ## - LIBRARY OF CONGRESS CALL NUMBER | |
| Classification number | TR 372.232 |
| Item number | Su6 2003 |
| 245 #0 - TITLE STATEMENT | |
| Title | Summer success : |
| Remainder of title | for the summer between grades 1-2. |
| 260 ## - PUBLICATION, DISTRIBUTION, ETC. (IMPRINT) | |
| Place of publication, distribution, etc | Columbus, Ohio : |
| Name of publisher, distributor, etc | McGraw-Hill Children's Pub., |
| Date of publication, distribution, etc | 2003. |
| 300 ## - PHYSICAL DESCRIPTION | |
| Extent | 96 p. : ill. ; cm. |
| 440 ## - SERIES STATEMENT/ADDED ENTRY--TITLE | |
| Title | Summer Success Series |
| 650 ## - SUBJECT ADDED ENTRY--TOPICAL TERM | |
| Topical term or geographic name as entry element | Summer school |
| General subdivision | Juvenile literature. |
| 650 ## - SUBJECT ADDED ENTRY--TOPICAL TERM | |
| Topical term or geographic name as entry element | Summer activities. |
| Withdrawn status | Lost status | Damaged status | Home library | Current library | Shelving location | Date acquired | Source of acquisition | Cost, normal purchase price | Total Checkouts | Full call number | Barcode | Date last seen | Price effective from | Koha item type |
|---|---|---|---|---|---|---|---|---|---|---|---|---|---|---|
| Munich Library | Munich Library | Teachers Reference Section | 07/27/2005 | 199.00 | TR 372.232 Su6 2003 | M4103 | 04/14/2014 | 04/14/2014 | Books |